| 000 | 01875cam a2200373 a 4500 | ||
|---|---|---|---|
| 001 | 15110319 | ||
| 005 | 20221230131817.0 | ||
| 008 | 071212s2008 dcua b 001 0 eng | ||
| 906 |
_a7 _bcbc _corignew _d1 _eecip _f20 _gy-gencatlg |
||
| 925 | 0 |
_aacquire _b2 shelf copies _xpolicy default |
|
| 955 |
_esg29 2007-12-12 to Dewey _fsg11 2008-06-26 Z-CipVer _gsg11 2008-06-26 copies 1-2 to LL |
||
| 010 | _a 2007050910 | ||
| 020 | _a9781597261807 (cloth : alk. paper) | ||
| 020 | _a1597261807 (cloth : alk. paper) | ||
| 020 | _a9781597261814 (pbk. : alk. paper) | ||
| 020 | _a1597261815 (pbk. : alk. paper) | ||
| 035 | _a(OCoLC)ocn183879844 | ||
| 035 | _a(OCoLC)183879844 | ||
| 040 |
_aDLC _cDLC _dBTCTA _dBAKER _dYDXCP _dC#P _dBWX _dDLC |
||
| 043 | _an-us--- | ||
| 050 | 0 | 0 |
_aKF5698 _b.E43 2008 |
| 082 | 0 | 0 |
_a346.7304/5 _222 |
| 100 | 1 |
_aElliott, Donald L., _d1957- |
|
| 245 | 1 | 2 |
_aA better way to zone : _bten principles to create more liveable cities / _cDonald L. Elliott. |
| 260 |
_aWashington, DC : _bIsland Press, _cc2008. |
||
| 300 |
_axi, 239 p. : _bill. ; _c24 cm. |
||
| 504 | _aIncludes bibliographical references (p. 223-231) and index. | ||
| 505 | 0 | _aA brief history of zoning -- Failed assumptions -- Evolving land use drivers -- Governing well -- The legal framework for change -- What have we learned? -- A better way to zone -- The way forward. | |
| 650 | 0 |
_aZoning law _zUnited States. |
|
| 650 | 0 |
_aLand use _xLaw and legislation _zUnited States. |
|
| 856 | 4 | 1 |
_3Table of contents only _uhttp://www.loc.gov/catdir/toc/ecip086/2007050910.html |
| 856 | 4 | 2 |
_3Contributor biographical information _uhttp://www.loc.gov/catdir/enhancements/fy0807/2007050910-b.html |
| 856 | 4 | 2 |
_3Publisher description _uhttp://www.loc.gov/catdir/enhancements/fy0807/2007050910-d.html |
| 999 |
_c11078 _d11078 |
||